Tous les pays asiatiques ayant participés à la Coupe du Monde - Statistiques

Statistiques générales
  • Ce quiz a été pris 113 fois
    7 depuis la dernière actualisation
  • Le résultat moyen est 11 sur 14
Statistiques - réponses
Première participation Dernière participation Nombre de participations Pays % Correct
2002 2002 1 Chine
100%
1954 2026 12 Corée du Sud
100%
1978 2026 7 Iran
100%
1998 2026 8 Japon
100%
2026 2026 1 Ouzbékistan
100%
1994 2026 7 Arabie Saoudite
83%
1966 2010 2 Corée du Nord
83%
1986 2026 2 Irak
83%
2022 2026 2 Qatar
83%
1938 1938 1 Indonésie (Indes orientales néerlandaises)
67%
2026 2026 1 Jordanie
67%
1990 1990 1 Emirats Arabes Unis
50%
1970 1970 1 Israel
50%
1982 1982 1 Koweit
50%
Aucun quiz correspondant
Distribution des résultats
% des personnes avec chaque résultat
Percentile par nombre de réponses
Votre historique - résultats
Vous n’avez pas pris ce quiz depuis la dernière actualisation